{"text_format":"3","workbook":"xlsx","n_sheets":1,"sheets":["t493"],"read":"whole","date_system":"1900"}

{"sheet":"t493","index":0,"n_rows":182,"n_cols":7,"rows_kept":182,"merged":[[0,0,0,6],[28,0,28,5],[43,0,43,5],[151,0,151,5]]}
["TABELA 493.1 - Estatísticas Agrícolas, Município de Rubinéia, Estado de São Paulo, 2016/17."]
["ITEM","UNIDADE","N.DE UPAs","MÍNIMO","MÉDIO","MÁXIMO","TOTAL"]
["Distância à sede do município","km",222,0.1,14.1,{"v":57,"d":"57.0"},"-"]
["Área total","hectare",222,0.9,{"v":55.19,"d":"55.2"},{"v":3054.4,"d":"3,054.4"},{"v":12252.6,"d":"12,252.6"}]
["Área com cultura perene","hectare",35,0.1,{"v":9.11,"d":"9.1"},72.6,318.9]
["Área com cultura temporária","hectare",45,0.2,{"v":55.96,"d":"56.0"},{"v":924,"d":"924.0"},{"v":2518.3,"d":"2,518.3"}]
["Área com pastagem","hectare",208,0.5,{"v":40.42,"d":"40.4"},{"v":3003.4,"d":"3,003.4"},{"v":8408.2,"d":"8,408.2"}]
["Área com reflorestamento","hectare",20,0.4,{"v":4.72,"d":"4.7"},23.8,94.3]
["Área com vegetação natural","hectare",34,0.3,{"v":10.98,"d":"11.0"},{"v":250,"d":"250.0"},373.2]
["Área com vegetação de brejo e várzea","hectare",72,0.1,{"v":5.16,"d":"5.2"},{"v":94,"d":"94.0"},371.2]
["Área em descanso","hectare",23,0.4,{"v":1.98,"d":"2.0"},31.8,45.5]
["Área complementar","hectare",206,0.1,0.6,{"v":10,"d":"10.0"},{"v":123,"d":"123.0"}]
["Área das UPAs com (0, 1] ha","hectare",1,0.9,0.9,0.9,0.9]
["Área das UPAs com (1, 2] ha","hectare",5,1.2,{"v":1.56,"d":"1.6"},1.8,7.8]
["Área das UPAs com (2, 5] ha","hectare",74,2.2,{"v":3.53,"d":"3.5"},4.8,261.4]
["Área das UPAs com (5, 10] ha","hectare",47,5.1,{"v":7.03,"d":"7.0"},9.9,330.2]
["Área das UPAs com (10, 20] ha","hectare",39,10.2,{"v":14.26,"d":"14.3"},19.5,556.3]
["Área das UPAs com (20, 50] ha","hectare",34,20.1,{"v":30.94,"d":"30.9"},49.6,{"v":1052.1,"d":"1,052.1"}]
["Área das UPAs com (50, 100] ha","hectare",8,57.3,{"v":74.04,"d":"74.0"},96.5,592.3]
["Área das UPAs com (100, 200] ha","hectare",3,134.3,{"v":172.23,"d":"172.2"},198.5,516.7]
["Área das UPAs com (200, 500] ha","hectare",5,217.8,{"v":313.26,"d":"313.3"},{"v":430,"d":"430.0"},{"v":1566.3,"d":"1,566.3"}]
["Área das UPAs com (500, 1.000] ha","hectare",3,546.5,{"v":675.23,"d":"675.2"},894.1,{"v":2025.7,"d":"2,025.7"}]
["Área das UPAs com (1.000, 2.000] ha","hectare",2,{"v":1046.5,"d":"1,046.5"},{"v":1144.25,"d":"1,144.3"},{"v":1242,"d":"1,242.0"},{"v":2288.5,"d":"2,288.5"}]
["Área das UPAs com (2.000, 5.000] ha","hectare",1,{"v":3054.4,"d":"3,054.4"},{"v":3054.4,"d":"3,054.4"},{"v":3054.4,"d":"3,054.4"},{"v":3054.4,"d":"3,054.4"}]
["Área das UPAs com (5.000, 10.000] ha","hectare","-","-","-","-","-"]
["Área das UPAs acima de 10.000 ha","hectare","-","-","-","-","-"]
["Fonte: Secretaria de Agricultura e Abastecimento, CDRS/IEA, Projeto LUPA."]
[]
["TABELA 493.2 - Explorações Animais, Município de Rubinéia, Estado de São Paulo, 2016/17."]
["ITEM","UNIDADE","N.DE UPAs","MÍNIMO","MÉDIO","MÁXIMO","TOTAL"]
["Asininos e muares","cabecas",3,{"v":1,"d":"1.0"},{"v":1,"d":"1.0"},{"v":1,"d":"1.0"},{"v":3,"d":"3.0"}]
["Avicultura de corte","cabecas/ano",1,{"v":150,"d":"150.0"},{"v":150,"d":"150.0"},{"v":150,"d":"150.0"},{"v":150,"d":"150.0"}]
["Avicultura ornamental/decorativa/exotica","cabecas",1,{"v":100,"d":"100.0"},{"v":100,"d":"100.0"},{"v":100,"d":"100.0"},{"v":100,"d":"100.0"}]
["Bovinocultura de corte","cabecas",136,{"v":2,"d":"2.0"},{"v":126.59,"d":"126.6"},{"v":7100,"d":"7,100.0"},{"v":17216,"d":"17,216.0"}]
["Bovinocultura leiteira","cabecas",17,{"v":2,"d":"2.0"},{"v":49.82,"d":"49.8"},{"v":220,"d":"220.0"},{"v":847,"d":"847.0"}]
["Bovinocultura mista","cabecas",17,{"v":2,"d":"2.0"},{"v":22.18,"d":"22.2"},{"v":70,"d":"70.0"},{"v":377,"d":"377.0"}]
["Equinocultura","cabecas",55,{"v":1,"d":"1.0"},10.6,{"v":295,"d":"295.0"},{"v":583,"d":"583.0"}]
["Ovinocultura","cabecas",12,{"v":2,"d":"2.0"},{"v":27,"d":"27.0"},{"v":150,"d":"150.0"},{"v":324,"d":"324.0"}]
["Piscicultura","m2 tanques",7,{"v":6000,"d":"6,000.0"},{"v":50428.57,"d":"50,428.6"},{"v":110000,"d":"110,000.0"},{"v":353000,"d":"353,000.0"}]
["Ranicultura","girinos/ano",1,{"v":300,"d":"300.0"},{"v":300,"d":"300.0"},{"v":300,"d":"300.0"},{"v":300,"d":"300.0"}]
["Suinocultura","cabecas",9,{"v":2,"d":"2.0"},{"v":59.89,"d":"59.9"},{"v":400,"d":"400.0"},{"v":539,"d":"539.0"}]
["Fonte: Secretaria de Agricultura e Abastecimento, CDRS/IEA, Projeto LUPA."]
[]
["TABELA 493.3 -  Máquinas, Implementos e Benfeitorias, Município de Rubinéia, Estado de São Paulo, 2016/17."]
["ITEM","UNIDADE","N.DE UPAs","MÍNIMO","MÉDIO","MÁXIMO","TOTAL"]
["Arado comum (bacia, aiveca)","unidade",29,{"v":1,"d":"1.0"},{"v":1.07,"d":"1.1"},{"v":3,"d":"3.0"},{"v":31,"d":"31.0"}]
["Arado escarificador","unidade",3,{"v":1,"d":"1.0"},{"v":1,"d":"1.0"},{"v":1,"d":"1.0"},{"v":3,"d":"3.0"}]
["Arado subsolador","unidade",1,{"v":1,"d":"1.0"},{"v":1,"d":"1.0"},{"v":1,"d":"1.0"},{"v":1,"d":"1.0"}]
["Batedeira de cereais","unidade",1,{"v":1,"d":"1.0"},{"v":1,"d":"1.0"},{"v":1,"d":"1.0"},{"v":1,"d":"1.0"}]
["Carreta de trator","unidade",25,{"v":1,"d":"1.0"},{"v":1.28,"d":"1.3"},{"v":3,"d":"3.0"},{"v":32,"d":"32.0"}]
["Computador","unidade",6,{"v":1,"d":"1.0"},{"v":2,"d":"2.0"},{"v":3,"d":"3.0"},{"v":12,"d":"12.0"}]
["Conj.irrigacao autopropelido","unidade",2,{"v":2,"d":"2.0"},2.5,{"v":3,"d":"3.0"},{"v":5,"d":"5.0"}]
["Conj.irrigacao convencional","unidade",6,{"v":1,"d":"1.0"},{"v":1,"d":"1.0"},{"v":1,"d":"1.0"},{"v":6,"d":"6.0"}]
["Conj.irrigacao pivot central","unidade",1,{"v":1,"d":"1.0"},{"v":1,"d":"1.0"},{"v":1,"d":"1.0"},{"v":1,"d":"1.0"}]
["Conj.irrigacao/gotejamento/microaspersao","unidade",4,{"v":1,"d":"1.0"},{"v":1,"d":"1.0"},{"v":1,"d":"1.0"},{"v":4,"d":"4.0"}]
["Conjunto de fenacao","unidade",1,{"v":1,"d":"1.0"},{"v":1,"d":"1.0"},{"v":1,"d":"1.0"},{"v":1,"d":"1.0"}]
["Desintegrador de palha (plantio direto)","unidade",1,{"v":1,"d":"1.0"},{"v":1,"d":"1.0"},{"v":1,"d":"1.0"},{"v":1,"d":"1.0"}]
["Desintegrador, picador, triturador","unidade",53,{"v":1,"d":"1.0"},{"v":1.13,"d":"1.1"},{"v":2,"d":"2.0"},{"v":60,"d":"60.0"}]
["Distribuidor de calcario","unidade",5,{"v":1,"d":"1.0"},1.2,{"v":2,"d":"2.0"},{"v":6,"d":"6.0"}]
["Embarcação","unidade",1,{"v":3,"d":"3.0"},{"v":3,"d":"3.0"},{"v":3,"d":"3.0"},{"v":3,"d":"3.0"}]
["Ensiladeira","unidade",7,{"v":1,"d":"1.0"},{"v":1.29,"d":"1.3"},{"v":2,"d":"2.0"},{"v":9,"d":"9.0"}]
["Grade aradora (tipo romi)","unidade",13,{"v":1,"d":"1.0"},{"v":1.08,"d":"1.1"},{"v":2,"d":"2.0"},{"v":14,"d":"14.0"}]
["Grade niveladora","unidade",25,{"v":1,"d":"1.0"},{"v":1.08,"d":"1.1"},{"v":2,"d":"2.0"},{"v":27,"d":"27.0"}]
["Implementos para tracao animal","unidade",7,{"v":1,"d":"1.0"},{"v":1.14,"d":"1.1"},{"v":2,"d":"2.0"},{"v":8,"d":"8.0"}]
["Misturador de racao","unidade",8,{"v":1,"d":"1.0"},{"v":1,"d":"1.0"},{"v":1,"d":"1.0"},{"v":8,"d":"8.0"}]
["Mmicrotrator","unidade",3,{"v":1,"d":"1.0"},{"v":1,"d":"1.0"},{"v":1,"d":"1.0"},{"v":3,"d":"3.0"}]
["Ordenhadeira mecanica","unidade",5,{"v":1,"d":"1.0"},{"v":1,"d":"1.0"},{"v":1,"d":"1.0"},{"v":5,"d":"5.0"}]
["Pulverizador tratorizado","unidade",10,{"v":1,"d":"1.0"},1.2,{"v":3,"d":"3.0"},{"v":12,"d":"12.0"}]
["Resfriador de leite, tanque expansao","unidade",2,{"v":1,"d":"1.0"},{"v":1,"d":"1.0"},{"v":1,"d":"1.0"},{"v":2,"d":"2.0"}]
["Roçadora","unidade",16,{"v":1,"d":"1.0"},{"v":1,"d":"1.0"},{"v":1,"d":"1.0"},{"v":16,"d":"16.0"}]
["Semeadeira/adubadeira para plantio convencional","unidade",5,{"v":1,"d":"1.0"},{"v":1,"d":"1.0"},{"v":1,"d":"1.0"},{"v":5,"d":"5.0"}]
["Semeadeira/plantadeira plantio direto","unidade",1,{"v":1,"d":"1.0"},{"v":1,"d":"1.0"},{"v":1,"d":"1.0"},{"v":1,"d":"1.0"}]
["Tanque rede","m3",5,{"v":80,"d":"80.0"},{"v":904,"d":"904.0"},{"v":3000,"d":"3,000.0"},{"v":4520,"d":"4,520.0"}]
["Terraceador","unidade",1,{"v":1,"d":"1.0"},{"v":1,"d":"1.0"},{"v":1,"d":"1.0"},{"v":1,"d":"1.0"}]
["Trator de esteiras","unidade",1,{"v":1,"d":"1.0"},{"v":1,"d":"1.0"},{"v":1,"d":"1.0"},{"v":1,"d":"1.0"}]
["Trator de pneus  acima de 85 cv","unidade",4,{"v":1,"d":"1.0"},1.5,{"v":2,"d":"2.0"},{"v":6,"d":"6.0"}]
["Trator de pneus até 65 cv","unidade",24,{"v":1,"d":"1.0"},{"v":1.08,"d":"1.1"},{"v":3,"d":"3.0"},{"v":26,"d":"26.0"}]
["Trator de pneus de 66 cv a 85 cv","unidade",19,{"v":1,"d":"1.0"},{"v":1.26,"d":"1.3"},{"v":3,"d":"3.0"},{"v":24,"d":"24.0"}]
["Acude/represa","unidade",28,{"v":1,"d":"1.0"},{"v":6.14,"d":"6.1"},{"v":46,"d":"46.0"},{"v":172,"d":"172.0"}]
["Almoxarifado/oficina","unidade",13,{"v":1,"d":"1.0"},{"v":1.23,"d":"1.2"},{"v":3,"d":"3.0"},{"v":16,"d":"16.0"}]
["Armazem para graos ensacados","sacas",4]
["Balanca para bovinos","unidade",9,{"v":1,"d":"1.0"},{"v":1,"d":"1.0"},{"v":1,"d":"1.0"},{"v":9,"d":"9.0"}]
["Balanca para veiculos","unidade",1,{"v":1,"d":"1.0"},{"v":1,"d":"1.0"},{"v":1,"d":"1.0"},{"v":1,"d":"1.0"}]
["Barracao para granja/avicultura","unidade",2,{"v":1,"d":"1.0"},{"v":1,"d":"1.0"},{"v":1,"d":"1.0"},{"v":2,"d":"2.0"}]
["Barracao/galpao/garagem","unidade",29,{"v":1,"d":"1.0"},{"v":1.17,"d":"1.2"},{"v":2,"d":"2.0"},{"v":34,"d":"34.0"}]
["Casa de moradia habitada","unidade",133,{"v":1,"d":"1.0"},1.3,{"v":11,"d":"11.0"},{"v":173,"d":"173.0"}]
["Casa de moradia total","unidade",185,{"v":1,"d":"1.0"},{"v":1.45,"d":"1.5"},{"v":17,"d":"17.0"},{"v":269,"d":"269.0"}]
["Curral/mangueira","unidade",140,{"v":1,"d":"1.0"},{"v":1.05,"d":"1.1"},{"v":3,"d":"3.0"},{"v":147,"d":"147.0"}]
["Deposito/tulha","unidade",119,{"v":1,"d":"1.0"},1.1,{"v":4,"d":"4.0"},{"v":131,"d":"131.0"}]
["Estabulo","unidade",2,{"v":1,"d":"1.0"},{"v":1,"d":"1.0"},{"v":1,"d":"1.0"},{"v":2,"d":"2.0"}]
["Fabrica de racao","unidade",2,{"v":1,"d":"1.0"},{"v":1,"d":"1.0"},{"v":1,"d":"1.0"},{"v":2,"d":"2.0"}]
["Instalacoes para equinos","unidade",1,{"v":1,"d":"1.0"},{"v":1,"d":"1.0"},{"v":1,"d":"1.0"},{"v":1,"d":"1.0"}]
["Pocilga","unidade",4,{"v":1,"d":"1.0"},{"v":1,"d":"1.0"},{"v":1,"d":"1.0"},{"v":4,"d":"4.0"}]
["Poco semi-artesiano","unidade",96,{"v":1,"d":"1.0"},{"v":1.06,"d":"1.1"},{"v":2,"d":"2.0"},{"v":102,"d":"102.0"}]
["Silo para graos","ton",1]
["Silo para silagem","ton",2]
["Terreiro","m2",13]
["Fonte: Secretaria de Agricultura e Abastecimento, CDRS/IEA, Projeto LUPA."]
[]
["TABELA 493.4 - Outras Estatísticas Agrícolas, Município de Rubinéia, Estado de São Paulo, 2016/17."]
["ITEM","Número de UPAs",null,"Percentual"]
["Faz Parte de Associação de Produtores",77,null,{"v":34.68468468468468,"d":"34.7"}]
["Faz Parte de Cooperativa de Produtores",37,null,{"v":16.666666666666668,"d":"16.7"}]
["Faz Parte do Sindicato de Produtores",29,null,{"v":13.063063063063062,"d":"13.1"}]
["Não utiliza assistência técnica ",29,null,{"v":13.063063063063064,"d":"13.1"}]
["Utiliza somente assistência técnica governamental ",164,null,{"v":73.87387387387388,"d":"73.9"}]
["Utiliza somente assistência técnica privada ",3,null,{"v":1.3513513513513513,"d":"1.4"}]
["Utiliza assistência técnica tanto governamental quanto privada",26,null,{"v":11.711711711711711,"d":"11.7"}]
["Utiliza Crédito Rural",59,null,{"v":26.576576576576578,"d":"26.6"}]
["Utiliza Seguro Rural",16,null,{"v":7.207207207207207,"d":"7.2"}]
["Utiliza Escrituração Agrícola",13,null,{"v":5.8558558558558556,"d":"5.9"}]
["Acessa Internet p/ Fins na Agropecuária",25,null,{"v":11.26126126126126,"d":"11.3"}]
["Utiliza Computador nas Atividades Agropecuárias",24,null,{"v":10.81081081081081,"d":"10.8"}]
["Utiliza Energia Elétrica Para Uso na Atividade Agrícola",193,null,{"v":86.93693693693693,"d":"86.9"}]
["Utiliza Energia Alternativa","-",null,"-"]
["Realiza Análise de Solo, quando necessário",65,null,{"v":29.279279279279276,"d":"29.3"}]
["Realiza Calagem",39,null,{"v":17.56756756756757,"d":"17.6"}]
["Utiliza Práticas de Conservação de Solo, quando necessário",165,null,{"v":74.32432432432432,"d":"74.3"}]
["Faz Adubação Mineral, quando necessário",135,null,{"v":60.81081081081081,"d":"60.8"}]
["Faz Adubação Orgânica, quando necessário",14,null,{"v":6.306306306306306,"d":"6.3"}]
["Faz Adubação Verde, quando necessário",2,null,{"v":0.9009009009009009,"d":"0.9"}]
["Utiliza Manejo Integrado de Pragas (MIP)","-",null,"-"]
["Utiliza Hidroponia","-",null,"-"]
["Utiliza Cultivo em Estufa","-",null,"-"]
["Utiliza Mudas Fiscalizadas",9,null,{"v":4.054054054054054,"d":"4.1"}]
["Utiliza Semente Melhorada",12,null,{"v":5.405405405405405,"d":"5.4"}]
["Faz Confinamento de Bovinos",8,null,{"v":3.6036036036036037,"d":"3.6"}]
["Utiliza Pastejo Intensivo",14,null,{"v":6.306306306306306,"d":"6.3"}]
["Faz Inseminação Artificial",10,null,{"v":4.504504504504505,"d":"4.5"}]
["Faz Mineralização do Rebanho",146,null,{"v":65.76576576576576,"d":"65.8"}]
["Faz Vermifugação do Rebanho",148,null,{"v":66.66666666666667,"d":"66.7"}]
["Possui Parceiros /Arrendatários na Exploração Animal",7,null,{"v":3.153153153153153,"d":"3.2"}]
["Existência de trabalhadores c/ deficiência na UPA",2,null,{"v":0.9009009009009009,"d":"0.9"}]
["Esporte e lazer","-",null,"-"]
["Extração mineral","-",null,"-"]
["Hotel Fazenda, Pousada ou SPA",1,null,{"v":0.45045045045045046,"d":"0.5"}]
["Pesque-pague","-",null,"-"]
["Restaurante ou Lanchonete","-",null,"-"]
["Transformação artesanal","-",null,"-"]
["Turismo rural ou ecoturismo","-",null,"-"]
["Outras atividades econômicas rurais","-",null,"-"]
["Agroindústria","-",null,"-"]
["Proprietário sem instrução ou com instrução incompleta",18,null,{"v":8.108108108108107,"d":"8.1"}]
["Proprietário com antigo primário completo",76,null,{"v":34.234234234234236,"d":"34.2"}]
["Proprietário com 1° grau (ou antigo ginasial) completo",31,null,{"v":13.963963963963964,"d":"14.0"}]
["Proprietário com 2° grau (ou antigo colegial) completo",40,null,{"v":18.018018018018015,"d":"18.0"}]
["Proprietário com curso superior completo ",50,null,{"v":22.52252252252252,"d":"22.5"}]
["Pessoa Jurídica",7,null,{"v":3.153153153153153,"d":"3.2"}]
["Proprietário residente na própria UPA ",80,null,{"v":36.03603603603603,"d":"36.0"}]
["Fonte: Secretaria de Agricultura e Abastecimento, CDRS/IEA, Projeto LUPA."]
[]
["TABELA 493.5 - Área Cultivada, Município de Rubinéia, Estado de São Paulo, 2016/17."]
["CULTURA","N.DE UPAs","MÍNIMO","MÉDIO","MÁXIMO","TOTAL"]
["Braquiaria",182,0.5,{"v":37.99,"d":"38.0"},{"v":2850,"d":"2,850.0"},{"v":6914.1,"d":"6,914.1"}]
["Cana-de-acucar finalidade industria",6,96.8,{"v":368.82,"d":"368.8"},{"v":924,"d":"924.0"},{"v":2212.9,"d":"2,212.9"}]
["Coloniao",43,0.3,{"v":33.47,"d":"33.5"},{"v":494,"d":"494.0"},{"v":1439,"d":"1,439.0"}]
["Seringueira",11,{"v":2,"d":"2.0"},17.6,72.6,193.6]
["Feijao",1,{"v":170,"d":"170.0"},{"v":170,"d":"170.0"},{"v":170,"d":"170.0"},{"v":170,"d":"170.0"}]
["Eucalipto",20,0.4,{"v":4.42,"d":"4.4"},23.8,88.3]
["Milho-silagem",4,2.4,16.7,48.4,66.8]
["Gramas",4,0.5,{"v":12.53,"d":"12.5"},{"v":24,"d":"24.0"},50.1]
["Limao",3,7.6,{"v":15.53,"d":"15.5"},{"v":20,"d":"20.0"},46.6]
["Milho safra",7,0.5,4.7,24.2,32.9]
["Cana-de-acucar outras finalidades",29,0.2,{"v":1.11,"d":"1.1"},4.8,32.1]
["Tangerina",1,{"v":20,"d":"20.0"},{"v":20,"d":"20.0"},{"v":20,"d":"20.0"},{"v":20,"d":"20.0"}]
["Banana",2,0.6,7.8,{"v":15,"d":"15.0"},15.6]
["Manga",4,{"v":2,"d":"2.0"},{"v":3.85,"d":"3.9"},{"v":9,"d":"9.0"},15.4]
["Uva fina",1,{"v":10,"d":"10.0"},{"v":10,"d":"10.0"},{"v":10,"d":"10.0"},{"v":10,"d":"10.0"}]
["Cafe",7,0.2,{"v":0.87,"d":"0.9"},{"v":3,"d":"3.0"},6.1]
["Outras florestais",1,{"v":6,"d":"6.0"},{"v":6,"d":"6.0"},{"v":6,"d":"6.0"},{"v":6,"d":"6.0"}]
["Sorgo-forrageiro",2,0.6,1.8,{"v":3,"d":"3.0"},3.6]
["Pupunha",1,3.2,3.2,3.2,3.2]
["Coco-da-baia",3,0.5,{"v":1.03,"d":"1.0"},{"v":2,"d":"2.0"},3.1]
["Pomar domestico",7,0.1,{"v":0.41,"d":"0.4"},0.6,2.9]
["Laranja Mercado",3,0.4,0.8,{"v":1,"d":"1.0"},2.4]
["Mandioca",2,0.5,{"v":0.75,"d":"0.8"},{"v":1,"d":"1.0"},1.5]
["Capim-napier (ou capim-elefante)",3,0.3,{"v":0.47,"d":"0.5"},0.6,1.4]
["Melancia",1,0.7,0.7,0.7,0.7]
["Abobora (ou jerimum)",1,0.5,0.5,0.5,0.5]
["Tomate envarado",1,0.5,0.5,0.5,0.5]
["Outras olericolas",1,0.4,0.4,0.4,0.4]
["Fonte: Secretaria de Agricultura e Abastecimento, CDRS/IEA, Projeto LUPA."]